|
|
|
|
| LEADER |
00000csc a2200000 a 4500 |
| 001 |
63425-61 |
| 005 |
20230308211108.0 |
| 008 |
989112|1985 ||||||||r|||||||||||spa|| |
| 020 |
|
|
|a 8434582066
|
| 040 |
|
|
|b spa
|
| 041 |
1 |
|
|a spa
|
| 082 |
0 |
|
|a 92
|
| 245 |
|
|
|a Balzac
|c André Maurois
|h imp
|
| 264 |
|
|
|a Barcelona
|b Salvat Editores
|c 1985
|
| 300 |
|
|
|a 238 páginas:
|c 20 cm
|
| 490 |
|
|
|a Biblioteca Salvat de Grandes Biografías
|n no. 61
|
| 500 |
|
|
|a primera parte
|
| 650 |
1 |
|
|a Balzac honorato de
|9 6440
|
| 650 |
1 |
|
|a Honore de balzac
|9 290148
|
| 700 |
1 |
|
|a Maurois, André
|
| 852 |
|
|
|a UC-CDJBV
|c TERCER PISO
|f Compra
|k lucia.mora
|l 1
|m General
|p 19891120
|q 173,00
|r 2
|t 63425-61
|b 0
|d CDRC
|e CDRC
|g 92 TERCER PISO
|z 1989-91-12
|
| 942 |
|
|
|
| 999 |
|
|
|c 117636
|d 117636
|